Mohlo by Kosovo byť východiskom zo "Stretu civilizácií"? /

Hlavní autor: Kodrazi, Suzan
Korporativní autor: Vysoká škola ekonomická v Praze
Jazyk: Slovenština
Vydáno: Praha : Oeconomica, 2013
Edice: Faculty of International Relations Working papers, vol. VII, 2/2013
Témata:
Fyzický popis: 34 s. ; 25 cm
Language note: Slovenské a anglické resumé
Knihy
Uloženo v:
LEADER 02669cam a2200673 i 4500
001 nkc20142565423
003 CZ PrNK
005 20160122085026.0
007 ta
008 140211s2013 xr e 000 0 slo
015 |a cnb002565423 
020 |a 978-80-245-1996-8  |q (brož.) 
035 |a (OCoLC)876342160 
040 |a BOA001  |b cze  |d ABA001 
041 0 |a slo  |b eng  |b slo 
043 |a e------  |a n------  |a e-kv--- 
072 7 |a 94(495/498)  |x Dějiny států a území na Balkánském poloostrově  |2 Konspekt  |9 8 
080 |a 316.48  |2 MRF 
080 |a 316.722  |2 MRF 
080 |a 94(497.115)"1998/1999"  |2 MRF 
080 |a 2-674  |2 MRF 
080 |a 355.1  |2 MRF 
080 |a (1-622)  |2 MRF 
080 |a (497.115)  |2 MRF 
080 |a (048.8)  |2 MRF 
100 1 |a Kodrazi, Suzan  |7 mzk2014809529  |4 aut 
245 1 0 |a Mohlo by Kosovo byť východiskom zo "Stretu civilizácií"? /  |c Suzan Kodrazi 
260 |a Praha :  |b Oeconomica,  |c 2013 
300 |a 34 s. ;  |c 25 cm 
490 1 |a Faculty of International Relations Working papers,  |x 1802-6591 ;  |v vol. VII, 2/2013 
500 |a Na obálce název edice: Working papers Fakulty mezinárodních vztahů 
504 |a Obsahuje bibliografii a bibliografické odkazy 
546 |a Slovenské a anglické resumé 
550 |a Vydavatel: Vysoká škola ekonomická v Praze 
600 1 7 |a Huntington, Samuel P.,  |d 1927-2008.  |t Clash of civilizations and the remaking of world order  |7 aun2010560335  |2 czenas 
648 7 |a od 1989  |7 ch462156  |2 czenas 
648 4 |a 1998-1999 
650 0 7 |a konflikty  |7 ph121797  |y od 1989  |2 czenas 
650 0 7 |a Východ a Západ  |7 ph136833  |y od 1989  |2 czenas 
650 0 7 |a válka v Kosovu (1998-1999)  |7 ph254501  |2 czenas 
650 0 7 |a náboženské konflikty  |7 ph234810  |z Kosovo  |2 czenas 
650 0 7 |a ozbrojené síly  |7 ph123886  |z země Severoatlantické aliance  |2 czenas 
650 0 9 |a conflicts  |y 1989-  |2 eczenas 
650 0 9 |a East and West  |y 1989-  |2 eczenas 
650 0 9 |a Kosovo War (1998-1999)  |2 eczenas 
650 0 9 |a religious conflicts  |z Kosovo  |2 eczenas 
650 0 9 |a armed forces  |z NATO countries  |2 eczenas 
655 7 |a studie  |7 fd133597  |2 czenas 
655 9 |a studies  |2 eczenas 
610 2 7 |a Severoatlantická aliance  |7 kn20010711289  |2 czenas 
651 7 |a Kosovo  |7 ge129640  |2 czenas 
651 9 |a Kosovo  |2 eczenas 
710 2 |a Vysoká škola ekonomická v Praze  |7 kn20010709403 
810 2 |a Vysoká škola ekonomická v Praze.  |b Fakulta mezinárodních vztahů.  |t Working papers  |0 s 
910 2 |a BOA001  |b 2-1322.051 
990 |a BK 
995 |a 01 
991 |b 201403  |c NOV  |e n 
996 6 |b 2610581459  |c 2-1322.051  |l MZK  |r Sklad / do 1 hodiny  |n 1  |p p.v.  |w 001401430  |u 000010  |a 1  |e BOA001  |j MZK50  |s P